Normal view
MARC view
Entry Topical Term
001 - CONTROL NUMBER
- control field: 53585
003 - CONTROL NUMBER IDENTIFIER
- control field: OSt
005 - DATE AND TIME OF LATEST TRANSACTION
- control field: 20250521144558.0
008 - FIXED-LENGTH DATA ELEMENTS
- fixed length control field: 250521|| aca||aabn | a|a d
040 ## - CATALOGING SOURCE
- Original cataloging agency: OSt
- Transcribing agency: OSt
150 ## - HEADING--TOPICAL TERM
- Topical term or geographic name entry element: Remunicipalization, Contract renewals, Private management, Water tariffs, Renegotiations, Inter-municipal cooperation.
670 ## - SOURCE DATA FOUND
- Source citation: Work cat.: (OSt): Mayol, Alexandre and Saussier, Stéphane 53584, Remunicipalization of water services in France and inter-municipal cooperation: Who’s at the helm?
